| 000 | 00716nam a2200205 i 4500 | ||
|---|---|---|---|
| 001 | 35499 | ||
| 003 | ES-MaACL | ||
| 005 | 20230906155135.0 | ||
| 007 | t| | ||
| 008 | 030213s1958 sp ||||1| spa d | ||
| 100 | 1 |
_aBonasi Benucci, Eduardo. _930077 |
|
| 245 | 1 | 3 |
_aLa responsabilidad civil / _cEduardo Bonasi Benucci ; traducción y notas de Derecho Español por Juan V. Fuentes Lojo y José Peré Raluy. |
| 260 |
_aBarcelona : _bJosé María Bosch, _c1958 ( _fVda. de Daniel Cochs) |
||
| 300 |
_a406 p. ; _c20 cm. |
||
| 650 | 4 |
_aResponsabilidad civil. _9166014 |
|
| 700 | 1 |
_aFuentes Lojo, Juan V. _952932 |
|
| 700 | 1 |
_aPere Raluy, José. _9186867 |
|
| 852 |
_aES-MaACL _jC-14068 _bR.41743 |
||
| 999 |
_c35499 _d35499 |
||